[Event "GER-ch U14"]
[Site "Willingen"]
[Date "2023.05.29"]
[Round "3"]
[White "Dyachuk, Artem"]
[Black "Burkart, Lloyd Shang"]
[Result "1-0"]
[WhiteElo "2312"]
[BlackElo "1956"]
[PlyCount "85"]
[EventDate "2023.05.27"]
[EventType "swiss"]
[EventRounds "9"]
[EventCountry "GER"]
[SourceTitle "CBM 214 Extra"]
[Source "ChessBase"]
[SourceDate "2023.07.31"]
[SourceVersion "1"]
[SourceVersionDate "2023.07.31"]
[SourceQuality "1"]

1. e4 c5 2. Nf3 d6 3. d4 cxd4 4. Nxd4 Nf6 5. Nc3 a6 6. h3 b5 7. g4 Bb7 8. Bg2 e6 9. g5 b4 10. gxf6 bxc3 11. bxc3 Qxf6 12. Rb1 Qe7 13. Qh5 g6 14. Qg5 f6 15. Qe3 e5 16. Ne6 Qxe6 17. Rxb7 Nd7 18. 0-0 Be7 19. Qh6 Bf8 20. Qd2 Qxa2 21. Rb3 Nc5 22. Qd5 Rd8 23. Qc6+ Kf7 24. Ra3 Qe6 25. f4 Be7 26. c4 Qxc4 27. fxe5 Qd4+ 28. Be3 Qxe5 29. Bf4 Qe6 30. Re3 Kg7 31. h4 g5 32. Bh3 Qc4 33. Qc7 Rde8 34. hxg5 fxg5 35. Bxg5 Qd4 36. Bf6+ Qxf6 37. Rxf6 Kxf6 38. e5+ Kg5 39. exd6 Bxd6 40. Qxd6 Rxe3 41. Qxc5+ Kf4 42. Qd4+ Kf3 43. Qg4# 1-0

[Event "GER-ch Net blitz sf"]
[Site "Playchess.com INT"]
[Date "2021.06.05"]
[Round "2"]
[White "Burkart, Lloyd Shang"]
[Black "Eilenberg, Jonas"]
[Result "0-1"]
[WhiteElo "1957"]
[BlackElo "2066"]
[PlyCount "54"]
[EventDate "2021.06.05"]
[EventType "swiss (blitz)"]
[EventRounds "13"]
[EventCountry "GER"]
[SourceTitle "EXT 2023"]
[Source "ChessBase"]
[SourceDate "2022.10.05"]
[SourceVersion "1"]
[SourceVersionDate "2022.10.05"]
[SourceQuality "1"]

1. d4 e6 2. c4 d5 3. Nf3 c6 4. Qc2 dxc4 5. Qxc4 Nf6 6. g3 b5 7. Qc2 Bb7 8. Bg2 Nbd7 9. 0-0 c5 10. Nc3 a6 11. Bf4 Rc8 12. dxc5 Bxc5 13. a3 0-0 14. Qd2 Nb6 15. Rfd1 Qxd2 16. Rxd2 Nc4 17. Rc2 Ne4 18. e3 Nxc3 19. Rxc3 Nxb2 20. Rb1 Nc4 21. Rxc4 bxc4 22. Rxb7 c3 23. Rb3 c2 24. e4 Rfd8 25. Rc3 Bxf2+ 26. Kxf2 Rxc3 27. Bc1 Rd1 0-1

[Event "GER-ch Net blitz sf"]
[Site "Playchess.com INT"]
[Date "2021.06.05"]
[Round "8"]
[White "Burkart, Lloyd Shang"]
[Black "Mueller, Sebastian1111"]
[Result "0-1"]
[WhiteElo "1957"]
[BlackElo "1941"]
[PlyCount "140"]
[EventDate "2021.06.05"]
[EventType "swiss (blitz)"]
[EventRounds "13"]
[EventCountry "GER"]
[SourceTitle "EXT 2023"]
[Source "ChessBase"]
[SourceDate "2022.10.05"]
[SourceVersion "1"]
[SourceVersionDate "2022.10.05"]
[SourceQuality "1"]

1. d4 f5 2. Bg5 h6 3. Bh4 g5 4. e3 Nf6 5. Bg3 Bg7 6. Bc4 e6 7. Nf3 d6 8. c3 Qe7 9. Nbd2 Nc6 10. Rc1 0-0 11. 0-0 Kh8 12. Qc2 e5 13. h3 e4 14. Nh2 Nh5 15. Rce1 Bd7 16. Be2 Nf6 17. Bc4 Nd8 18. f3 d5 19. Bb3 Nf7 20. Bxc7 Rac8 21. Ba5 Rfe8 22. Bb4 Qe6 23. c4 Bc6 24. c5 b6 25. Qd1 a5 26. Bc3 Bb5 27. Rf2 bxc5 28. dxc5 Rxc5 29. Bxa5 Bd3 30. Bb4 Rcc8 31. Bc3 Nd7 32. Bxg7+ Kxg7 33. fxe4 fxe4 34. Qh5 Nfe5 35. Ng4 Qg6 36. Qxg6+ Nxg6 37. Bxd5 Nde5 38. Nxe5 Nxe5 39. Nxe4 Rcd8 40. Bb7 Rb8 41. Nd6 Red8 42. Nf7 Nxf7 43. Bf3 Ne5 44. Bd1 Rdc8 45. Bb3 Rc7 46. Rd2 Rf8 47. Red1 Bb5 48. a4 Bc6 49. Rd6 Rf6 50. R6d4 Rc8 51. Rc1 Rcf8 52. a5 Rf2 53. e4 Rxb2 54. Bd5 Bb5 55. Be6 Nd3 56. Rd1 Nc5 57. Rd5 Nxe6 58. Rd6 Nc5 59. R6d5 Nxe4 60. R5d4 Nc3 61. Rd7+ Bxd7 62. Rxd7+ Rf7 63. Rd3 Ne2+ 64. Kh2 Nf4 65. Ra3 Rxg2+ 66. Kh1 Re7 67. Ra1 Ree2 68. a6 Rh2+ 69. Kg1 Nxh3+ 70. Kf1 Rhf2# 0-1

[Event "GER-ch Net blitz sf"]
[Site "Playchess.com INT"]
[Date "2021.06.05"]
[Round "4"]
[White "Burkart, Lloyd Shang"]
[Black "Schulz, Michael4444"]
[Result "0-1"]
[WhiteElo "1957"]
[BlackElo "2024"]
[PlyCount "38"]
[EventDate "2021.06.05"]
[EventType "swiss (blitz)"]
[EventRounds "13"]
[EventCountry "GER"]
[SourceTitle "EXT 2023"]
[Source "ChessBase"]
[SourceDate "2022.10.05"]
[SourceVersion "1"]
[SourceVersionDate "2022.10.05"]
[SourceQuality "1"]

1. d4 Nf6 2. c4 c5 3. d5 e6 4. Nc3 exd5 5. cxd5 d6 6. Nf3 a6 7. a4 g6 8. b3 Bg7 9. Bb2 0-0 10. e3 Nbd7 11. Bd3 Rb8 12. 0-0 Re8 13. Qc2 Ne5 14. Nxe5 Rxe5 15. e4 Ng4 16. h3 Qh4 17. hxg4 Bxg4 18. f3 Rh5 19. fxg4 Bd4+ 0-1

[Event "GER-ch Net blitz sf"]
[Site "Playchess.com INT"]
[Date "2021.06.05"]
[Round "5"]
[White "Zhou, Lepu Coco"]
[Black "Burkart, Lloyd Shang"]
[Result "1/2-1/2"]
[WhiteElo "1843"]
[BlackElo "1957"]
[PlyCount "144"]
[EventDate "2021.06.05"]
[EventType "swiss (blitz)"]
[EventRounds "13"]
[EventCountry "GER"]
[SourceTitle "EXT 2023"]
[Source "ChessBase"]
[SourceDate "2022.10.05"]
[SourceVersion "1"]
[SourceVersionDate "2022.10.05"]
[SourceQuality "1"]

1. e4 c5 2. Nf3 e6 3. c4 Nc6 4. Nc3 e5 5. Be2 Nge7 6. 0-0 g6 7. d3 Bg7 8. Ne1 d6 9. f4 exf4 10. Bxf4 0-0 11. Nc2 Be6 12. Bg4 Qd7 13. Bxe6 Qxe6 14. Qf3 Nd4 15. Nxd4 Bxd4+ 16. Kh1 a6 17. Qg3 Rad8 18. Ne2 Bg7 19. Rab1 a5 20. Nc3 Nc6 21. Nb5 Ne5 22. Bd2 b6 23. Nc7 Qg4 24. Qxg4 Nxg4 25. Nd5 Rb8 26. h3 Ne5 27. Bf4 Rfd8 28. Bxe5 Bxe5 29. Ne7+ Kg7 30. Nc6 h5 31. Nxb8 Rxb8 32. Rf3 Rb7 33. a3 Ra7 34. g4 h4 35. b4 axb4 36. axb4 Ra2 37. bxc5 bxc5 38. Rbf1 Ra7 39. Rb1 Bd4 40. Kg2 Ra2+ 41. Kf1 Ra7 42. Ke2 Kg8 43. Rb8+ Kg7 44. Rf1 Ra2+ 45. Kf3 Ra7 46. Kg2 Ra2+ 47. Kh1 Ra7 48. Rb6 Be5 49. Rfb1 Kf6 50. Rb7 Ra5 51. Rf1+ Kg5 52. Rbxf7 Ra2 53. R7f2 Ra3 54. Rf3 Ra2 55. R1f2 Ra1+ 56. Kg2 Ra3 57. Rf1 Bd4 58. Rf8 Ra2+ 59. Kh1 Rd2 60. Rd8 Rxd3 61. Rxd6 Rxh3+ 62. Kg2 Rg3+ 63. Kh2 Re3 64. Rd5+ Kxg4 65. Rg1+ Kf3 66. Rxg6 Rxe4 67. Rf5+ Ke2 68. Kh3 Kd3 69. Rg4 Rxg4 70. Kxg4 Kxc4 71. Kxh4 Kb3 72. Rxc5 Bxc5 1/2-1/2